000 00776nam a22002297a 4500
003 Nust
005 20241028154909.0
008 170201b xxu||||| |||| 00| 0 eng d
040 _c0
050 _a200
082 _a200
100 _aSiddiqui,Erum Wahab
_9126534
245 _aEvaluation Of Prevailing Hospital Waste Management Practices and Their Improvement:
_bA Case Study/
_cErum Wahab Siddiqui
260 _aRawalpindi
_bIESE (SCEE) NUST
_c1999.
300 _a127 p.
_bHB.
440 _aMS Environmental Engineering
_91549
610 _xMS Environmental Engineering
_9126535
650 _aEnvironmental Engineering
_91550
700 _4Supervisor:Dr. Ishtiaq A Qazi
856 _u http://10.250.8.41:8080/xmlui/handle/123456789/35596
942 _2ddc
_cSC
999 _c174568
_d174568